[Event "76. Camp. Interprovinciale PD e Rov"]
[Site "Monselice ITA"]
[Date "2016.01.22"]
[Round "1.13"]
[White "Zanchetta, Alessandro"]
[Black "Battagin, Mosè"]
[Result "0-1"]
[WhiteElo "1440"]
[BlackElo "1806"]
[Annotator "Gabriele Ballarin"]
[PlyCount "84"]
[EventDate "2016.01.22"]
[EventType "swiss"]
[EventRounds "5"]
[EventCountry "ITA"]

1. e4 c5 2. Nf3 Nc6 3. d4 cxd4 4. Nxd4 Nf6 5. Nc3 d6 6. Be2 e6 7. O-O Be7 8. Bb5 Bd7 9. Nxc6 bxc6 10. Ba4 O-O 11. Bg5 Qc7 12. Ne2 d5 13. exd5 cxd5 14. Bxd7 Qxd7 15. Nc3 Rfc8 16. Qf3 Rab8 17. Rfb1 Rb7 18. a3 Rbc7 19. Rc1 a5 20. Bf4 Rc4 21. Be5 Ng4 22. Qe2 Nxe5 23. Qxe5 Bf6 24. Qe2 Qb7 25. Rab1 Bg5 26. Rd1 Qc6 27. Rd3 Bf6 28. Qf3 Rb8 29. Qg3 Qc8 30. Qf3 Bxc3 31. b3 Bf6 32. Re1 Rc3 33. Qg3 Rxd3 34. Qxd3 Qc3 35. Qxc3 Bxc3 36. Rd1 Kf8 37. Kf1 Rc8 38. a4 Bb4 39. Rc1 Bd2 40. Rd1 Rxc2 41. Ke2 Bb4+ 42. Kd3 Rxf2 0-1

[Event "76. Camp. Interprovinciale PD e Rov"]
[Site "Monselice ITA"]
[Date "2016.01.22"]
[Round "1.14"]
[White "Fracasso Pezzolato, Michele"]
[Black "Scandiuzzi, Roberto"]
[Result "1-0"]
[WhiteElo "1782"]
[BlackElo "1436"]
[Annotator "Gabriele Ballarin"]
[PlyCount "85"]
[EventDate "2016.01.22"]
[EventType "swiss"]
[EventRounds "5"]
[EventCountry "ITA"]

1. e4 d6 2. d4 Nf6 3. Nc3 c6 4. a4 a5 5. Nf3 Bg4 6. Be2 e6 7. Be3 d5 8. e5 Nfd7 9. O-O Be7 10. Qd2 Bxf3 11. Bxf3 h6 12. Rfe1 Nb6 13. Ne2 Nc4 14. Qc1 Nxe3 15. Qxe3 O-O 16. Ng3 Bg5 17. Qd3 Nd7 18. c3 c5 19. b3 cxd4 20. cxd4 Qb6 21. Bd1 Rfc8 22. Bc2 Rxc2 23. Qxc2 Qc6 24. Qd3 Qa6 25. Qxa6 Rxa6 26. Ne2 Bd2 27. Red1 Bb4 28. Rac1 Rc6 29. Nf4 Ba3 30. Rxc6 bxc6 31. Nd3 Nb8 32. Ra1 Be7 33. Rc1 f6 34. f4 f5 35. Nc5 Kf7 36. Kf1 g5 37. g3 g4 38. Ke2 h5 39. Nb7 Bb4 40. Nd8+ Ke7 41. Nxc6+ Nxc6 42. Rxc6 Kd7 43. Ra6 1-0

[Event "76.ITA Proviciale VE"]
[Site "Marghera ITA"]
[Date "2016.01.22"]
[Round "1.1"]
[White "Milan, Maurizio"]
[Black "Trangoni, Bruno"]
[Result "0-1"]
[WhiteElo "1575"]
[BlackElo "1969"]
[Annotator "Gabriele Ballarin"]
[PlyCount "86"]
[EventDate "2016.01.22"]
[EventType "swiss"]
[EventRounds "5"]
[EventCountry "ITA"]

1. c4 d6 2. Nc3 g6 3. Nf3 Bg7 4. g3 e5 5. Bg2 Ne7 6. d3 O-O 7. Be3 h6 8. Qd2 Nf5 9. O-O-O c6 10. d4 Nxe3 11. fxe3 Qa5 12. Kb1 Be6 13. d5 cxd5 14. Nxd5 Qc5 15. b3 Nc6 16. e4 Rac8 17. Rc1 a5 18. Rhf1 Kh7 19. e3 b5 20. Ne1 bxc4 21. Rxc4 Qa7 22. Nd3 Ne7 23. Nb2 Rfd8 24. Rfc1 Rxc4 25. Rxc4 Rd7 26. Bf3 Rb7 27. Na4 Qa6 28. Be2 Qa7 29. g4 Nxd5 30. exd5 Bd7 31. Kc1 Bb5 32. Re4 f5 33. gxf5 gxf5 34. Bxb5 fxe4 35. Bc6 Rf7 36. Nc3 Rf3 37. Nxe4 Rxe3 38. Nxd6 e4 39. Nc4 Rd3 40. Qg2 Qd4 41. Nd2 Qb2+ 42. Kd1 Qa1+ 43. Ke2 Rxd2+ 0-1

[Event "76.ITA Proviciale VE"]
[Site "Marghera ITA"]
[Date "2016.01.22"]
[Round "1.2"]
[White "Ballarin, Gabriele"]
[Black "Bressan, Andrea"]
[Result "1-0"]
[WhiteElo "1926"]
[BlackElo "1520"]
[Annotator "Gabriele Ballarin"]
[PlyCount "97"]
[EventDate "2016.01.22"]
[EventType "swiss"]
[EventRounds "5"]
[EventCountry "ITA"]

1. e4 e5 2. Nf3 d6 3. Bc4 Be7 4. d4 exd4 5. Nxd4 Nf6 6. Qd3 O-O 7. O-O Nbd7 8. Nc3 Ne5 9. Qe2 Nxc4 10. Qxc4 a6 11. f3 c6 12. Be3 d5 13. exd5 Nxd5 14. Nxd5 Qxd5 15. Qxd5 cxd5 16. Kf2 Bf6 17. c3 Bd7 18. Nb3 a5 19. Bd4 Bxd4+ 20. Nxd4 a4 21. a3 Rfe8 22. Rfe1 f6 23. Rad1 Rxe1 24. Rxe1 Re8 25. Re3 Kf8 26. Ke2 Re5 27. f4 Re4 28. Rxe4 dxe4 29. f5 g6 30. g4 h5 31. h3 hxg4 32. hxg4 g5 33. Ke3 Ke7 34. Kxe4 Kd6 35. b4 axb3 36. Nxb3 Bc6+ 37. Ke3 Ke5 38. Nc5 b6 39. Nd3+ Kd6 40. Kd4 Bf3 41. Nf2 Kc6 42. Ke3 Bd5 43. Ne4 Bxe4 44. Kxe4 Kc5 45. Kd3 Kd5 46. c4+ Kc5 47. Kc3 b5 48. cxb5 Kxb5 49. Kd4 1-0

[Event "76.ITA Proviciale VE"]
[Site "Marghera ITA"]
[Date "2016.01.22"]
[Round "1.3"]
[White "Segalina, Luigi"]
[Black "Cecchetto, Vanni"]
[Result "0-1"]
[WhiteElo "1437"]
[BlackElo "1823"]
[Annotator "Gabriele Ballarin"]
[PlyCount "42"]
[EventDate "2016.01.22"]
[EventType "swiss"]
[EventRounds "5"]
[EventCountry "ITA"]

1. d4 d5 2. c4 c6 3. Nc3 Nf6 4. Bg5 e6 5. c5 Be7 6. Qc2 Nbd7 7. Nf3 O-O 8. h3 e5 9. dxe5 Ne4 10. Be3 Ndxc5 11. b4 Nxc3 12. Qxc3 Ne4 13. Qb2 a5 14. Bd2 Nxd2 15. Nxd2 axb4 16. e3 c5 17. Nb3 c4 18. Nd4 Qa5 19. Be2 b3+ 20. Kf1 Ba3 21. axb3 Bxb2 0-1

[Event "76.ITA Proviciale VE"]
[Site "Marghera ITA"]
[Date "2016.01.22"]
[Round "1.4"]
[White "Latella, Tommaso"]
[Black "Pastena, Dario"]
[Result "1-0"]
[WhiteElo "1721"]
[BlackElo "1413"]
[Annotator "Gabriele Ballarin"]
[PlyCount "105"]
[EventDate "2016.01.22"]
[EventType "swiss"]
[EventRounds "5"]
[EventCountry "ITA"]

1. e4 e5 2. Nf3 Nc6 3. d4 exd4 4. Nxd4 Nxd4 5. Qxd4 b6 6. Nc3 Bc5 7. Qxg7 Qf6 8. Qxf6 Nxf6 9. g3 c6 10. Bg2 Ba6 11. h3 O-O 12. Bg5 Ne8 13. Na4 f6 14. Nxc5 bxc5 15. Bf4 Rf7 16. O-O-O c4 17. c3 Bb7 18. Rd4 Ba6 19. Rhd1 Rd8 20. Bf1 Ng7 21. Bxc4 Bxc4 22. Rxc4 Ne6 23. Bd6 Ng5 24. h4 Nf3 25. Kc2 Re8 26. Kd3 f5 27. Ke3 Nh2 28. Rd2 fxe4 29. Rxe4 Nf1+ 30. Ke2 Rxe4+ 31. Kxf1 Kg7 32. Re2 Rxe2 33. Kxe2 Kg6 34. f3 Rf5 35. g4 Rd5 36. Bf4 h5 37. b4 hxg4 38. fxg4 Rb5 39. Kf3 d5 40. Be3 a6 41. Kf4 Rb7 42. h5+ Kf7 43. Bc5 Ke6 44. Bd4 Rf7+ 45. Kg5 Rf8 46. Kg6 Rf4 47. g5 Rf8 48. h6 Rg8+ 49. Bg7 Rb8 50. h7 Kd6 51. h8=Q Rxh8 52. Bxh8 Ke6 53. Kh7 1-0

[Event "76.ITA Proviciale VE"]
[Site "Marghera ITA"]
[Date "2016.01.22"]
[Round "1.5"]
[White "Bertaggia, Mirco"]
[Black "Bighin, Marco"]
[Result "0-1"]
[WhiteElo "1345"]
[BlackElo "1578"]
[Annotator "Gabriele Ballarin"]
[PlyCount "86"]
[EventDate "2016.01.22"]
[EventType "swiss"]
[EventRounds "5"]
[EventCountry "ITA"]

1. d4 Nf6 2. Nf3 d6 3. c4 g6 4. Nc3 Bg7 5. Bd2 Nbd7 6. e4 O-O 7. Qc1 Re8 8. Bh6 Bh8 9. h3 e5 10. d5 Nc5 11. Qe3 Nh5 12. b4 Na6 13. a3 c5 14. b5 Nb8 15. Bd3 Qa5 16. Qd2 Nf4 17. Bxf4 exf4 18. O-O Bxc3 19. Qxf4 Bxa1 20. Rxa1 Qc7 21. h4 Qe7 22. Re1 Nd7 23. Qh6 f6 24. h5 Qg7 25. Qf4 Ne5 26. Be2 g5 27. Qh2 h6 28. Nd2 Qe7 29. f4 Nf7 30. Bd3 b6 31. Nf3 Bg4 32. Nd2 a6 33. a4 axb5 34. axb5 Ra2 35. g3 Qa7 36. Rc1 Qa3 37. Rc2 Rxc2 38. Bxc2 Qc1+ 39. Nf1 Ra8 40. Bd3 Ra3 41. Be2 Ra2 42. fxg5 Nxg5 43. Qh4 Bxe2 0-1

[Event "76.ITA Proviciale VE"]
[Site "Marghera ITA"]
[Date "2016.01.23"]
[Round "2.1"]
[White "Trangoni, Bruno"]
[Black "Latella, Tommaso"]
[Result "1-0"]
[WhiteElo "1969"]
[BlackElo "1721"]
[Annotator "Gabriele Ballarin"]
[PlyCount "59"]
[EventDate "2016.01.22"]
[EventType "swiss"]
[EventRounds "5"]
[EventCountry "ITA"]

1. Nf3 Nf6 2. d4 d5 3. Bf4 Nbd7 4. e3 e6 5. Bd3 Be7 6. h3 O-O 7. Nbd2 b6 8. Rc1 Bb7 9. O-O c5 10. c3 Rc8 11. Re1 Re8 12. Ne5 Nxe5 13. Bxe5 Nd7 14. Bh2 Bf6 15. f4 g6 16. Nf3 Bg7 17. g4 c4 18. Bb1 f5 19. g5 b5 20. h4 Rb8 21. h5 Bc6 22. hxg6 hxg6 23. Nh4 Kf7 24. Re2 a5 25. Bg3 b4 26. Rh2 Qe7 27. Nxg6 Qd6 28. Qh5 Kg8 29. Nh8 Qe7 30. Qh7+ 1-0

[Event "76.ITA Proviciale VE"]
[Site "Marghera ITA"]
[Date "2016.01.23"]
[Round "2.2"]
[White "Cecchetto, Vanni"]
[Black "Ballarin, Gabriele"]
[Result "1-0"]
[WhiteElo "1823"]
[BlackElo "1926"]
[Annotator "Gabriele Ballarin"]
[PlyCount "93"]
[EventDate "2016.01.22"]
[EventType "swiss"]
[EventRounds "5"]
[EventCountry "ITA"]

1. d4 d6 2. c4 e5 3. Nf3 e4 4. Ng5 f5 5. Nc3 Be7 6. Nh3 Nf6 7. Bg5 Be6 8. d5 Bf7 9. e3 a5 10. Be2 Nbd7 11. O-O Nxd5 12. Nxd5 Bxg5 13. Nxc7+ Qxc7 14. Nxg5 O-O 15. Nxf7 Rxf7 16. c5 Rf6 17. Qd5+ Kh8 18. cxd6 Qxd6 19. Qxb7 Rb8 20. Qa7 Rxb2 21. Rad1 Rd2 22. Qxa5 Rxd1 23. Rxd1 Qe7 24. Qd5 Nf8 25. Bc4 Ne6 26. Rb1 h6 27. h3 Kh7 28. Rb7 Nc7 29. Qa5 Rc6 30. Qxf5+ g6 31. Qf7+ Qxf7 32. Bxf7 Kg7 33. Bd5 Rc1+ 34. Kh2 Kf6 35. Bxe4 g5 36. Rb6+ Ke5 37. Bf3 Rc2 38. Kg3 Rxa2 39. Rxh6 Ra4 40. h4 gxh4+ 41. Rxh4 Ra1 42. Rh5+ Kf6 43. Rc5 Ne6 44. Rc6 Ke7 45. Bd5 Nd8 46. Rh6 Ra5 47. e4 1-0

[Event "76.ITA Proviciale VE"]
[Site "Marghera ITA"]
[Date "2016.01.23"]
[Round "2.3"]
[White "Bighin, Marco"]
[Black "Xia, Jie"]
[Result "0-1"]
[WhiteElo "1578"]
[BlackElo "2282"]
[Annotator "Gabriele Ballarin"]
[PlyCount "64"]
[EventDate "2016.01.22"]
[EventType "swiss"]
[EventRounds "5"]
[EventCountry "ITA"]

1. e4 c5 2. Nf3 d6 3. d4 cxd4 4. Nxd4 Nf6 5. Nc3 g6 6. f3 Bg7 7. Be3 O-O 8. Qd2 Nc6 9. Bc4 Bd7 10. Nxc6 bxc6 11. g4 Be6 12. Bd3 d5 13. Bh6 Bxh6 14. Qxh6 Qb6 15. O-O-O Rfb8 16. b3 Qb4 17. Qd2 d4 18. Nb1 Qc5 19. c4 dxc3 20. Nxc3 Bxb3 21. axb3 Rxb3 22. Kc2 Rab8 23. Rb1 Qa3 24. Rxb3 Qxb3+ 25. Kc1 Qa3+ 26. Kd1 Rb3 27. Nb1 Rxb1+ 28. Bxb1 Qxf3+ 29. Kc2 Qxh1 30. Qd8+ Kg7 31. Qxe7 Qxe4+ 32. Qxe4 Nxe4 0-1

[Event "76.ITA Proviciale VE"]
[Site "Marghera ITA"]
[Date "2016.01.23"]
[Round "2.4"]
[White "Pastena, Dario"]
[Black "Milan, Maurizio"]
[Result "1-0"]
[WhiteElo "1413"]
[BlackElo "1575"]
[Annotator "Gabriele Ballarin"]
[PlyCount "83"]
[EventDate "2016.01.22"]
[EventType "swiss"]
[EventRounds "5"]
[EventCountry "ITA"]

1. d4 Nf6 2. Nf3 g6 3. Bf4 d6 4. Nc3 Bg7 5. e4 O-O 6. h4 Nh5 7. Qd2 c5 8. Bh6 cxd4 9. Nxd4 Nc6 10. Nxc6 bxc6 11. O-O-O Qa5 12. Be2 Be6 13. Bxg7 Nxg7 14. b3 c5 15. h5 c4 16. hxg6 cxb3 17. Qh6 fxg6 18. Nd5 Qa3+ 19. Kd2 Bxd5 20. exd5 Qb4+ 21. c3 Qf4+ 22. Qxf4 Rxf4 23. axb3 Rxf2 24. g4 e5 25. dxe6 Nxe6 26. Ke3 Raf8 27. Rxd6 Ng5 28. c4 Re8+ 29. Kxf2 Ne4+ 30. Kf3 Nxd6 31. c5 Ne4 32. b4 Kg7 33. Ra1 Re7 34. c6 Ng5+ 35. Kf2 Ne4+ 36. Kg2 Nf6 37. Bf3 Ne8 38. Rd1 Nc7 39. g5 Ne6 40. Bg4 Nc7 41. Rd7 Kf7 42. Bd1 1-0

[Event "76.ITA Proviciale VE"]
[Site "Marghera ITA"]
[Date "2016.01.23"]
[Round "2.5"]
[White "Bressan, Andrea"]
[Black "Segalina, Luigi"]
[Result "1/2-1/2"]
[WhiteElo "1520"]
[BlackElo "1437"]
[Annotator "Gabriele Ballarin"]
[PlyCount "124"]
[EventDate "2016.01.22"]
[EventType "swiss"]
[EventRounds "5"]
[EventCountry "ITA"]

1. e4 e6 2. d4 d5 3. exd5 exd5 4. Bd3 Nf6 5. Nf3 Be7 6. O-O Bg4 7. Nbd2 O-O 8. Re1 Re8 9. c3 c5 10. dxc5 Bxc5 11. b4 Bb6 12. Bb2 Nc6 13. Qc2 Rc8 14. Qb3 Be6 15. Nd4 Qd6 16. N2f3 Ng4 17. h3 Nge5 18. Qd1 Nxd4 19. Nxe5 Nc6 20. Nxc6 bxc6 21. Qh5 h6 22. Re2 Bd7 23. Rae1 Rxe2 24. Rxe2 Re8 25. Rxe8+ Bxe8 26. Qf3 Qe5 27. Qe2 Bc7 28. Qxe5 Bxe5 29. a4 Kf8 30. Kf1 Ke7 31. Ke2 Kd6 32. Ke3 g5 33. g3 Bd7 34. g4 Bf4+ 35. Kf3 Be5 36. Ke2 Bc8 37. Kd2 Bb7 38. Ba3 Bf4+ 39. Ke2 Be5 40. b5+ c5 41. Bb2 d4 42. cxd4 Bxd4 43. Bxd4 cxd4 44. f3 Ke5 45. a5 Bd5 46. b6 axb6 47. axb6 Kd6 48. Be4 Bxe4 49. fxe4 Kc6 50. Kd3 Kxb6 51. Kxd4 Kc6 52. Ke5 Kd7 53. Kf6 Ke8 54. Kg7 Ke7 55. Kxh6 f6 56. Kh5 Kf7 57. h4 gxh4 58. Kxh4 Kg6 59. Kg3 Kh6 60. Kf4 Kg6 61. Ke3 Kg5 62. Kd4 Kxg4 1/2-1/2

[Event "76.ITA Proviciale VE"]
[Site "Marghera ITA"]
[Date "2016.01.23"]
[Round "3.1"]
[White "Cecchetto, Vanni"]
[Black "Trangoni, Bruno"]
[Result "1-0"]
[WhiteElo "1823"]
[BlackElo "1969"]
[Annotator "Gabriele Ballarin"]
[PlyCount "71"]
[EventDate "2016.01.22"]
[EventType "swiss"]
[EventRounds "5"]
[EventCountry "ITA"]

1. d4 g6 2. c4 Bg7 3. Nc3 d6 4. e4 Nd7 5. Be3 e5 6. d5 Ne7 7. Bd3 h6 8. Qd2 f5 9. exf5 gxf5 10. f4 Nf6 11. h3 a6 12. a4 Bd7 13. O-O-O b5 14. fxe5 dxe5 15. cxb5 axb5 16. Bxb5 Bxb5 17. axb5 Ra1+ 18. Kc2 Rxd1 19. Qxd1 Nexd5 20. Nxd5 Qxd5 21. Qxd5 Nxd5 22. Bc5 Kf7 23. Kb3 e4 24. Ne2 Be5 25. Rf1 Ke6 26. Nd4+ Bxd4 27. Bxd4 Rg8 28. Rf2 Rg3+ 29. Kc4 h5 30. b4 Rd3 31. Ra2 Nxb4 32. Ra7 Kd7 33. b6 e3 34. Rxc7+ Ke6 35. b7 Na6 36. Kxd3 1-0

[Event "76.ITA Proviciale VE"]
[Site "Marghera ITA"]
[Date "2016.01.23"]
[Round "3.2"]
[White "Xia, Jie"]
[Black "Pastena, Dario"]
[Result "1-0"]
[WhiteElo "2282"]
[BlackElo "1413"]
[Annotator "Gabriele Ballarin"]
[PlyCount "57"]
[EventDate "2016.01.22"]
[EventType "swiss"]
[EventRounds "5"]
[EventCountry "ITA"]

1. e4 e5 2. Nf3 Nc6 3. d4 exd4 4. Bc4 Qe7 5. O-O Na5 6. Qxd4 Nxc4 7. Qxc4 Qc5 8. Qd3 d6 9. Nc3 Be6 10. Nd5 Bxd5 11. exd5 a6 12. Be3 Qb5 13. c4 Qd7 14. Bd4 O-O-O 15. b4 f6 16. b5 a5 17. b6 c5 18. Be3 g5 19. Qc3 Bg7 20. Qxa5 Qf5 21. Qa8+ Kd7 22. Qxb7+ Ke8 23. Qxg7 Qg6 24. Qxh8 Kf8 25. a4 Rd7 26. Nxg5 fxg5 27. Qb2 Qg7 28. Qxg7+ Kxg7 29. a5 1-0

[Event "76.ITA Proviciale VE"]
[Site "Marghera ITA"]
[Date "2016.01.23"]
[Round "3.3"]
[White "Ballarin, Gabriele"]
[Black "Bighin, Marco"]
[Result "0-1"]
[WhiteElo "1926"]
[BlackElo "1578"]
[Annotator "Gabriele Ballarin"]
[PlyCount "104"]
[EventDate "2016.01.22"]
[EventType "swiss"]
[EventRounds "5"]
[EventCountry "ITA"]

1. e4 e5 2. Nf3 Nc6 3. Bc4 Nf6 4. d3 Bc5 5. c3 d6 6. Bb3 O-O 7. h3 h6 8. Nbd2 a5 9. Nf1 a4 10. Bxa4 Be6 11. Bb3 d5 12. N3d2 dxe4 13. dxe4 Bxb3 14. Qxb3 Qd3 15. Ng3 Na5 16. Qd1 Rfd8 17. Qe2 Qc2 18. O-O Rd3 19. Kh2 Rad8 20. Nf3 Qxe2 21. Nxe2 Nc6 22. Ng3 Rd1 23. Be3 Rxa1 24. Rxa1 Bxe3 25. fxe3 Rd3 26. Re1 Nd7 27. Re2 Nc5 28. Nd2 f6 29. Kg1 Na4 30. Nc4 Rd1+ 31. Kf2 Rb1 32. Re1 Rxe1 33. Kxe1 b5 34. Na3 Na7 35. Ne2 Nxb2 36. Kd2 Kf7 37. Kc2 Na4 38. c4 c6 39. cxb5 cxb5 40. Ng3 Nc5 41. Kc3 Na6 42. Nc2 Nc6 43. a3 g6 44. Nb4 Ncxb4 45. axb4 Ke6 46. h4 h5 47. Ne2 Nc7 48. Nc1 f5 49. Kd3 fxe4+ 50. Kxe4 Nd5 51. Nd3 Nf6+ 52. Kf3 e4+ 0-1

[Event "76.ITA Proviciale VE"]
[Site "Marghera ITA"]
[Date "2016.01.23"]
[Round "3.4"]
[White "Latella, Tommaso"]
[Black "Bertaggia, Mirco"]
[Result "1-0"]
[WhiteElo "1721"]
[BlackElo "1345"]
[Annotator "Gabriele Ballarin"]
[PlyCount "159"]
[EventDate "2016.01.22"]
[EventType "swiss"]
[EventRounds "5"]
[EventCountry "ITA"]

1. e4 e6 2. d4 d5 3. Nc3 c5 4. Bb5+ Nc6 5. exd5 exd5 6. dxc5 d4 7. Bxc6+ bxc6 8. Nce2 Bxc5 9. Nf3 Bg4 10. Nfxd4 Qb6 11. c3 Rd8 12. Qb3 Bxe2 13. Qxb6 axb6 14. Nxe2 h6 15. Bf4 Nf6 16. b4 Bd6 17. Bxd6 Rxd6 18. Rd1 Rxd1+ 19. Kxd1 Ne4 20. Ke1 O-O 21. f3 Nd6 22. Kf2 Ra8 23. Ra1 Ra3 24. Ke3 c5 25. bxc5 bxc5 26. Kd3 g5 27. g3 f5 28. Nc1 h5 29. Rb1 Kf7 30. Rb2 g4 31. f4 Ne4 32. Rb3 Ra4 33. Rb6 Ra3 34. Rb3 Ra6 35. Kc2 Rd6 36. Rb2 Rd2+ 37. Kb3 Rxb2+ 38. Kxb2 Nd2 39. Nd3 c4 40. Ne5+ Ke6 41. a4 Kd5 42. a5 Kc5 43. Ng6 Ne4 44. Ne7 Nd6 45. a6 Kb6 46. Ka3 Kxa6 47. Kb4 Kb6 48. Nd5+ Kc6 49. Ne3 Kd7 50. Nxc4 Ne4 51. Ne3 Ke6 52. Kc4 Nd2+ 53. Kc5 Nf3 54. Nf1 Ne1 55. c4 Nd3+ 56. Kc6 Nb4+ 57. Kc5 Na6+ 58. Kd4 Nb4 59. Ne3 Nc6+ 60. Kc5 Ne7 61. Nd5 Nc8 62. Nc7+ Kd7 63. Nb5 Ne7 64. Nd4 Kc7 65. Ne6+ Kd7 66. Ng7 h4 67. gxh4 Ng6 68. Nxf5 Nxf4 69. Ne3 Ng6 70. h5 Nf4 71. h6 Ne6+ 72. Kb6 Ng5 73. Nxg4 Nh7 74. c5 Kc8 75. Kc6 Ng5 76. Nf6 Nf7 77. h7 Ne5+ 78. Kb6 Nf7 79. Ne4 Kb8 80. Nd6 1-0

[Event "76.ITA Proviciale VE"]
[Site "Marghera ITA"]
[Date "2016.01.23"]
[Round "3.5"]
[White "Milan, Maurizio"]
[Black "Bressan, Andrea"]
[Result "0-1"]
[WhiteElo "1575"]
[BlackElo "1520"]
[Annotator "Gabriele Ballarin"]
[PlyCount "35"]
[EventDate "2016.01.22"]
[EventType "swiss"]
[EventRounds "5"]
[EventCountry "ITA"]

1. c4 Nf6 2. Nc3 g6 3. Nf3 Bg7 4. e4 d6 5. d4 O-O 6. Be2 Nbd7 7. O-O e5 8. Bg5 h6 9. Be3 a5 10. Qd2 Ng4 11. h3 Nxe3 12. Qxe3 Re8 13. Rad1 exd4 14. Nxd4 Ne5 15. f4 Nc6 16. Nxc6 bxc6 17. Qd2 Ba6 18. b3 0-1

[Event "76.ITA Proviciale VE"]
[Site "Marghera ITA"]
[Date "2016.01.24"]
[Round "4.1"]
[White "Bighin, Marco"]
[Black "Cecchetto, Vanni"]
[Result "0-1"]
[WhiteElo "1578"]
[BlackElo "1823"]
[Annotator "Gabriele Ballarin"]
[PlyCount "62"]
[EventDate "2016.01.22"]
[EventType "swiss"]
[EventRounds "5"]
[EventCountry "ITA"]

1. a3 Nf6 2. Nc3 d5 3. d4 e6 4. Nf3 c5 5. e3 Nbd7 6. Be2 a6 7. O-O Bd6 8. Re1 O-O 9. Nd2 b5 10. dxc5 Nxc5 11. b4 Ncd7 12. Bb2 Bb7 13. Nf3 Nb6 14. Qd4 Qc7 15. Qh4 e5 16. Red1 Rad8 17. Qg5 h6 18. Qh4 Rfe8 19. g4 d4 20. exd4 e4 21. Ne5 e3 22. f3 Bxe5 23. dxe5 Rxd1+ 24. Rxd1 Nfd5 25. Qe1 Nf4 26. Rd6 Rxe5 27. Qd1 Re8 28. Qd4 Nc4 29. Bxc4 Qxc4 30. Qxc4 bxc4 31. Rd1 Bxf3 0-1

[Event "76.ITA Proviciale VE"]
[Site "Marghera ITA"]
[Date "2016.01.24"]
[Round "4.2"]
[White "Trangoni, Bruno"]
[Black "Xia, Jie"]
[Result "0-1"]
[WhiteElo "1969"]
[BlackElo "2282"]
[Annotator "Gabriele Ballarin"]
[PlyCount "144"]
[EventDate "2016.01.22"]
[EventType "swiss"]
[EventRounds "5"]
[EventCountry "ITA"]

1. Nf3 Nf6 2. d4 d5 3. Bf4 c5 4. e3 Nc6 5. Nc3 Bg4 6. Be2 e6 7. h3 Bxf3 8. Bxf3 cxd4 9. exd4 Bd6 10. Bxd6 Qxd6 11. a3 O-O 12. O-O Rac8 13. Re1 a6 14. Na4 b5 15. Nc3 Na5 16. Ne2 Nc4 17. Rb1 a5 18. Nc1 Qf4 19. Ne2 Qh6 20. Ng3 b4 21. axb4 axb4 22. Nf1 Ne8 23. Qd3 Ned6 24. Ne3 Qg6 25. Qxg6 hxg6 26. Red1 Nxe3 27. fxe3 Rxc2 28. Rd3 Nc4 29. h4 Rb8 30. b3 Na3 31. Ra1 Rbc8 32. e4 Rc1+ 33. Rxc1 Rxc1+ 34. Kf2 dxe4 35. Bxe4 Nb1 36. d5 Nc3 37. Bxg6 exd5 38. Bh5 Rc2+ 39. Kg3 Rb2 40. Bf3 Rxb3 41. Kg4 Rb2 42. g3 g6 43. Bxd5 Kg7 44. Bf3 Rc2 45. Bd5 Re2 46. Bb3 f5+ 47. Kf3 Rb2 48. Bc4 Ne4 49. Kf4 Rf2+ 50. Ke5 Nf6 51. Rb3 Nd7+ 52. Kd6 Rd2+ 53. Ke7 Ne5 54. Bb5 Rd4 55. Ke6 Nf7 56. Ke7 Re4+ 57. Kd7 Ne5+ 58. Kd8 Kf6 59. Be8 Ke6 60. Kc7 Kd5 61. Kb6 Nc4+ 62. Kc7 Kc5 63. Bc6 Re7+ 64. Kd8 Re6 65. Be8 Nd6 66. Bd7 Re4 67. Kc7 Nb5+ 68. Kb7 Nd4 69. Rb1 b3 70. Ka6 Kb4 71. Kb6 Re7 72. Bc8 Kc3 0-1

[Event "76.ITA Proviciale VE"]
[Site "Marghera ITA"]
[Date "2016.01.24"]
[Round "4.3"]
[White "Bressan, Andrea"]
[Black "Latella, Tommaso"]
[Result "0-1"]
[WhiteElo "1520"]
[BlackElo "1721"]
[Annotator "Gabriele Ballarin"]
[PlyCount "74"]
[EventDate "2016.01.22"]
[EventType "swiss"]
[EventRounds "5"]
[EventCountry "ITA"]

1. e4 e5 2. Nf3 Nf6 3. Nxe5 d6 4. Nf3 Nxe4 5. Nc3 Nxc3 6. dxc3 Be7 7. Be3 O-O 8. Qd2 Nc6 9. Bd3 Ne5 10. Nxe5 dxe5 11. O-O-O Be6 12. Kb1 c6 13. c4 Qc7 14. h4 Rad8 15. Qc3 f5 16. f3 h6 17. Rdg1 Bf6 18. Qa3 Qf7 19. g4 e4 20. fxe4 fxg4 21. Bc5 Rfe8 22. h5 b6 23. Be3 Be5 24. Rf1 Qc7 25. Be2 g3 26. Rhg1 Bh3 27. Rf5 Bxf5 28. exf5 Bxb2 29. Qxb2 Rxe3 30. Bd3 g2 31. f6 Rde8 32. Qc1 Rf3 33. Rxg2 Rxf6 34. c5 bxc5 35. Qg1 Rb8+ 36. Kc1 Qf4+ 37. Rd2 c4 0-1

[Event "76.ITA Proviciale VE"]
[Site "Marghera ITA"]
[Date "2016.01.24"]
[Round "4.4"]
[White "Pastena, Dario"]
[Black "Segalina, Luigi"]
[Result "0-1"]
[WhiteElo "1413"]
[BlackElo "1437"]
[Annotator "Gabriele Ballarin"]
[PlyCount "140"]
[EventDate "2016.01.22"]
[EventType "swiss"]
[EventRounds "5"]
[EventCountry "ITA"]

1. d4 e6 2. Nf3 d5 3. Bf4 c5 4. Nc3 a6 5. a4 Nc6 6. e4 dxe4 7. Nxe4 Nxd4 8. c3 Nc6 9. Bd6 b6 10. Bxf8 Qxd1+ 11. Rxd1 Kxf8 12. Bd3 Ke7 13. O-O Bb7 14. h3 Nh6 15. Rfe1 f6 16. g4 Nf7 17. Nh2 Rad8 18. Ng3 Nce5 19. Be4 Bxe4 20. Nxe4 Rxd1 21. Rxd1 Rd8 22. Rb1 Rd3 23. Kg2 Nd6 24. Nxd6 Kxd6 25. h4 h6 26. f3 Rd2+ 27. Kg3 Nd3 28. b3 Rc2 29. c4 a5 30. Nf1 Rc3 31. Nd2 Rc1 32. f4 Rxb1 33. Nxb1 g5 34. fxg5 fxg5 35. Nd2 Ke5 36. Nf3+ Kf6 37. Nd2 Nc1 38. h5 Ke5 39. Nf3+ Kf6 40. Nd2 Ne2+ 41. Kf3 Nd4+ 42. Ke4 Nc6 43. Ke3 Ne5 44. Ne4+ Ke7 45. Nf2 Nc6 46. Ke4 Nd4 47. Nd3 Nxb3 48. Ne5 Nd4 49. Ng6+ Kf6 50. Ne5 Ke7 51. Ng6+ Kf7 52. Ne5+ Ke8 53. Ng6 Nc6 54. Ke3 Kf7 55. Ke4 Kf6 56. Nf8 Ke7 57. Ng6+ Kf7 58. Ke3 Kf6 59. Nf8 Ne5 60. Ke4 Nxc4 61. Nd7+ Ke7 62. Nb8 Kd6 63. Kd3 Nb2+ 64. Ke4 Nxa4 65. Na6 b5 66. Kd3 Nb6 67. Kc3 a4 68. Kb2 Nc4+ 69. Kc3 e5 70. Kd3 a3 0-1

[Event "76.ITA Proviciale VE"]
[Site "Marghera ITA"]
[Date "2016.01.24"]
[Round "4.5"]
[White "Bertaggia, Mirco"]
[Black "Milan, Maurizio"]
[Result "0-1"]
[WhiteElo "1345"]
[BlackElo "1575"]
[Annotator "Gabriele Ballarin"]
[PlyCount "94"]
[EventDate "2016.01.22"]
[EventType "swiss"]
[EventRounds "5"]
[EventCountry "ITA"]

1. Nf3 Nf6 2. b3 g6 3. Bb2 Bg7 4. e3 d6 5. Bc4 O-O 6. O-O d5 7. Be2 c6 8. d4 Nbd7 9. Nbd2 Qc7 10. h3 Re8 11. c4 e6 12. Rc1 Qa5 13. a3 Qd8 14. c5 Nf8 15. Rc2 N6d7 16. Qa1 Qc7 17. Ne5 Nxe5 18. dxe5 Nd7 19. f4 Qd8 20. g3 Qe7 21. b4 Rf8 22. e4 f6 23. exf6 Nxf6 24. e5 Nh5 25. Kg2 Bh8 26. Bxh5 gxh5 27. Qd1 Qf7 28. Nf3 h6 29. Nh4 Bd7 30. Qd3 Bg7 31. Rcf2 Qe8 32. Qe2 b6 33. f5 exf5 34. Nxf5 Bxf5 35. Rxf5 Rxf5 36. Rxf5 Qe6 37. Qxh5 bxc5 38. bxc5 Rb8 39. Rf2 d4 40. Bxd4 Qd5+ 41. Qf3 Qxd4 42. Qf7+ Kh8 43. e6 Qd5+ 44. Kh2 Rb1 45. Qf3 Qxe6 46. Re2 Qxe2+ 47. Qxe2 Rb2 0-1